[List of transactions between March 28 and April 1, 1691].

Bibliographic Details
Format: Manuscript
Language:English
Published: [1691]
Series:Early English books online.
Subjects:
Online Access:Connect to the full text of this electronic book

MARC

Tag First Indicator Second Indicator Subfields
LEADER 00000ntm a2200000Ia 4500
001 in00004201645
005 20200806085934.0
006 m g d
007 cr bn |||a|bb|
008 060118s1691 enk o 000 0 eng d
035 |a (OCoLC)63041485 
040 |a UMI  |c UMI 
037 |a CL2105000001  |b ProQuest Information and Learning 300 N. Zeeb Rd., Ann Arbor, MI 48103-1553 
043 |a e-uk--- 
090 |a DA370  |b .L5 1691 
049 |a UMIA 
245 0 0 |a [List of transactions between March 28 and April 1, 1691]. 
260 |c [1691] 
300 |a 1 online resource (1 sheet ([2] pages). 
336 |a text  |b txt  |2 rdacontent 
337 |a computer  |b c  |2 rdamedia 
338 |a online resource  |b cr  |2 rdacarrier 
500 |a Title suggested by text. 
500 |a Text on pages [2] appears to be a fragment of correspondence. 
500 |a In manuscript. 
500 |a Harleian mss 7615 leaf 88. 
500 |a Reproduction of original in the British Library. 
533 |a Electronic reproduction.  |b Ann Arbor, Mich. :  |c UMI,  |d 1999-  |f (Early English books online)  |n Digital version of: (Early English books; Tract supplement ; C14:3[30])  |7 s1999 miun s 
651 0 |a Great Britain  |x History  |y Stuarts, 1603-1714  |v Early works to 1800. 
830 0 |a Early English books online. 
856 4 0 |u http://proxy.library.tamu.edu/login?url=https://search.proquest.com/docview/2240885019  |z Connect to the full text of this electronic book  |t 0 
994 |a 02  |b UMI 
999 f f |s c5b2ca85-c629-3866-8001-298e00a9c809  |i de01250d-8ede-36a7-b88e-bdb74f0a4ace  |t 0 
952 f f |a Texas A&M University  |b College Station  |c Electronic Resources  |d Available Online  |t 0  |e DA370 .L5 1691  |h Library of Congress classification 
998 f f |a DA370 .L5 1691  |t 0  |l Available Online